Statistics for First 10 European Capitals In Alphabetical Order

Click here to take the quiz!

General Stats

  • This quiz has been taken 49 times
  • The average score is 9 of 10

Answer Stats

Answer% Correct
Bucharest
98%
Budapest
98%
Amsterdam
96%
Berlin
96%
Bern
96%
Brussels
96%
Athens
94%
Bratislava
94%
Belgrade
91%
Andorra La Vella
89%

Score Distribution

Percentile by Number Answered

Percent of People with Each Score

Your Score History

You have not taken this quiz